| 000 | 01147nam a22002777a 4500 | ||
|---|---|---|---|
| 005 | 20240530110619.0 | ||
| 008 | 161201s2014 ua g 000 0 ara d | ||
| 017 |
_a2013/20866 _bمصر . دار الكتب المصرية |
||
| 020 | _a9789778509106 | ||
| 040 | _aEG-CaGPL | ||
| 082 | 0 | 4 |
_221 _a341.42 _bق/م ق |
| 100 | 0 | _aمحمد سليم العوا | |
| 245 | 1 | 0 |
_aقانون التحكيم في مصر والدول العربية : _bمعلقا عليه باراء الفقاء واحكام القضاء / _cمحمد سليم العوا |
| 250 | _aط. 1 | ||
| 260 |
_aالقاهرة : _bالمركز العربي للتحكيم ، _c2014 |
||
| 300 |
_a2 جزء ؛ _c24 سم |
||
| 505 | _aالجزء الاول . المواد من (1) اصدار إلى (24) - - الجزء الثاني . المواد من (25) اصدار إلى (58) | ||
| 650 | 0 | 7 |
_2qrmak _aالتحكيم الدولي |
| 650 | 0 | 7 |
_2qrmak _aالتحكيم القضائي |
| 650 | 0 | 7 |
_2qrmak _aالقانون الدولي |
| 650 | 0 | 7 |
_2qrmak _aالقضاء |
| 650 | 0 | 7 |
_2qrmak _aالقوانين |
| 651 | 0 | 7 |
_2qrmak _aمصر |
| 942 |
_2ddc _cBK |
||
| 999 |
_c63019 _d63019 |
||